Spécialité Marocaine - Statistiques

Statistiques générales
  • Ce quiz a été pris 1 428 fois
  • Le résultat moyen est 9 sur 25
Statistiques - réponses
Par images Réponse % Correct
Couscous
99%
Tajine
96%
Datte
82%
Harira
80%
Rfissa
73%
Pastilla
70%
Baghrir
60%
Thé à la menthe
57%
Corne de gazelle
54%
Chebakia
50%
Kefta
40%
Orange
38%
Chorba
36%
Briouate
26%
Salade
22%
Zaalouk
21%
Mechoui
19%
B'stilla
3%
Mrouzia
3%
Ghribia
2%
Tlitli
2%
Cherbet
1%
Mhalbi
1%
Tanjia Marrakchia
1%
Mchawcha
0%
Aucun quiz correspondant
Distribution des résultats
% des personnes avec chaque résultat
Percentile par nombre de réponses
Votre historique - résultats
Vous n’avez pas pris ce quiz